| 000 | 00829nam a22002777a 4500 | ||
|---|---|---|---|
| 003 | DO-SdBNP | ||
| 005 | 20171205130110.0 | ||
| 008 | 060721 1972 pr a spa | ||
| 017 |
_a _b |
||
| 035 | _a | ||
| 040 |
_aBPMSU _bspa _cBPMSU _e |
||
| 082 |
_a _b |
||
| 092 |
_axxxx _bxxxx _2 |
||
| 100 | 1 |
_aOppenheimer, Felix Franco _d1912-2004 |
|
| 245 | 1 | 0 |
_aImagenes : _bprosas, decires y aforismos / _h _cFelix Franco Oppenheimer ; viñetas Eloisa Franco |
| 260 |
_aRio Piedras, Puerto Rico : _bEdil, _c1972. _e _f |
||
| 300 |
_a165 p. ; _c23 cm. |
||
| 650 | _2NOVELA INGLESA | ||
| 650 | 4 | _2MAGIA - NOVELA | |
| 650 | 4 | _2NOVELA JUVENIL INGLESA | |
| 700 | 1 |
_aFranco, Eloisa _eviñetas |
|
| 942 |
_2ddc _cBK |
||
| 945 | _ainventariado extranjero / DG | ||
| 956 |
_aYLOCKWARD _210 _6BPMSU _800144 |
||
| 980 |
_a _a _b _j _c |
||
| 999 |
_c12801 _d12801 |
||